[Event "Penang op-A 9th"]
[Site "Penang"]
[Date "2017.12.05"]
[Round "2"]
[White "Goh, Sean Christian"]
[Black "Tang, Wei Kit"]
[Result "0-1"]
[WhiteElo "1917"]
[BlackElo "1740"]
[PlyCount "88"]
[EventDate "2017.12.04"]
[EventType "swiss"]
[EventRounds "9"]
[EventCountry "MAS"]
[SourceTitle "CBM 182 Extra"]
[Source "ChessBase"]
[SourceDate "2018.02.23"]
[SourceVersion "1"]
[SourceVersionDate "2018.02.23"]
[SourceQuality "1"]

1. d4 e6 2. Nf3 f5 3. Bg5 Nf6 4. e3 d5 5. Bd3 Bd6 6. c4 c6 7. Nc3 0-0 8. 0-0 Qe8 9. c5 Bc7 10. Bf4 Bd8 11. b4 Ne4 12. Bxe4 fxe4 13. Ne5 b6 14. a4 a5 15. b5 bxc5 16. dxc5 Be7 17. Qd4 Nd7 18. Nxd7 Bxd7 19. Rab1 Bf6 20. Be5 Qh5 21. Bxf6 Rxf6 22. Nxe4 Rh6 23. h3 e5 24. Qd2 Bxh3 25. Ng3 Qh4 26. gxh3 Qxh3 27. Rfd1 Rf8 28. bxc6 Qh2+ 29. Kf1 Qxg3 30. Qxd5+ Kh8 31. Ke2 Qxf2+ 32. Kd3 Rh3 33. Re1 Rh2 34. Qb3 Rd8+ 35. Kc4 Rh4+ 36. e4 Qf7+ 37. Kb5 Rb8+ 38. Ka6 Ra8+ 39. Kb5 Rb8+ 40. Ka6 Rxb3 41. Rf1 Qc4+ 42. Kxa5 Qxc5+ 43. Ka6 Qxc6+ 44. Ka7 Qxa4# 0-1

[Event "Penang op 6th"]
[Site "Penang"]
[Date "2014.12.11"]
[Round "6"]
[White "Tang, Wei Kit"]
[Black "Chuah, Yi Ning"]
[Result "1-0"]
[WhiteElo "1719"]
[BlackElo "1601"]
[PlyCount "95"]
[EventDate "2014.12.08"]
[EventType "swiss"]
[EventRounds "9"]
[EventCountry "MAS"]
[SourceTitle "CBM 163 Extra"]
[Source "ChessBase"]
[SourceDate "2014.12.23"]
[SourceVersion "1"]
[SourceVersionDate "2014.12.23"]
[SourceQuality "1"]

1. d4 d5 2. c4 e6 3. Nc3 Nf6 4. cxd5 exd5 5. Bg5 Be7 6. Nf3 h6 7. Bh4 c6 8. Qc2 0-0 9. e3 Nbd7 10. Bd3 Re8 11. 0-0 Ne4 12. Bxe7 Qxe7 13. b4 Qxb4 14. Nxe4 dxe4 15. Bxe4 Qe7 16. Nd2 Nf6 17. Bf3 Bg4 18. Bxg4 Nxg4 19. Rab1 Rac8 20. h3 Nf6 21. Rfc1 Red8 22. Qa4 Ra8 23. Nb3 Nd5 24. Nc5 Nb6 25. Qc2 Rab8 26. a4 Nc8 27. Rb3 Nd6 28. Rcb1 b6 29. Na6 Rbc8 30. Rc3 Qb7 31. Nb4 c5 32. dxc5 Ne4 33. c6 Qe7 34. Rd3 Rxd3 35. Nxd3 Qd6 36. Rc1 Nf6 37. Nf4 g5 38. Ne2 Nd5 39. Nd4 Ne7 40. c7 Qd7 41. Nb5 Nd5 42. e4 a6 43. exd5 axb5 44. Qc6 Qxc6 45. Rxc6 Kf8 46. axb5 Ke7 47. d6+ Ke6 48. Rxb6 1-0

[Event "Penang op 6th"]
[Site "Penang"]
[Date "2014.12.09"]
[Round "2"]
[White "Tang, Wei Kit"]
[Black "Villanueva, Nelson"]
[Result "1-0"]
[WhiteElo "1719"]
[BlackElo "2184"]
[PlyCount "91"]
[EventDate "2014.12.08"]
[EventType "swiss"]
[EventRounds "9"]
[EventCountry "MAS"]
[SourceTitle "CBM 163 Extra"]
[Source "ChessBase"]
[SourceDate "2014.12.23"]
[SourceVersion "1"]
[SourceVersionDate "2014.12.23"]
[SourceQuality "1"]

1. d4 c5 2. d5 Nf6 3. c4 d6 4. Nc3 e6 5. e4 exd5 6. cxd5 g6 7. Be2 Bg7 8. f4 0-0 9. Nf3 Re8 10. Nd2 a6 11. a4 h5 12. 0-0 Ng4 13. Bxg4 Bd4+ 14. Kh1 hxg4 15. Re1 Qh4 16. g3 Qh3 17. Nc4 Bf2 18. Re2 Bxg3 19. Nxd6 Bh4 20. Nxe8 g3 21. Qg1 Qd7 22. hxg3 Bd8 23. Qxc5 b6 24. Qd4 Qxe8 25. Rh2 f6 26. d6 Nc6 27. Qd3 Kg7 28. Be3 Bb7 29. Rd1 Qe6 30. Kg1 Qg4 31. Rg2 Nb4 32. Qd4 a5 33. Nd5 Nxd5 34. exd5 Rc8 35. Qd3 Ba6 36. Qd2 Rc4 37. b3 Rc3 38. Re1 Rxb3 39. Bf2 Qf3 40. Qd1 Qc3 41. Re3 Qxe3 42. Bxe3 Rxe3 43. Qc1 Re4 44. Qc6 Re1+ 45. Kf2 Kf8 46. Qa8 1-0

[Event "Penang op 4th"]
[Site "Penang"]
[Date "2012.12.13"]
[Round "6"]
[White "Kuich, Gero"]
[Black "Tang, Wei Kit"]
[Result "1/2-1/2"]
[WhiteElo "1817"]
[BlackElo "1676"]
[PlyCount "101"]
[EventDate "2012.12.11"]
[EventType "swiss"]
[EventRounds "9"]
[EventCountry "MAS"]
[SourceTitle "EXT 2014"]
[Source "ChessBase"]
[SourceDate "2013.11.20"]
[SourceVersion "1"]
[SourceVersionDate "2013.11.20"]
[SourceQuality "1"]

1. d4 e6 2. c4 f5 3. Nf3 Nf6 4. g3 d5 5. Bg2 c6 6. Nbd2 Bd6 7. 0-0 0-0 8. b3 Nbd7 9. Bb2 Qe8 10. e3 Qh5 11. Ne5 Qh6 12. Ndf3 Ne4 13. Nxd7 Bxd7 14. Ne5 Rad8 15. Nxd7 Rxd7 16. Qe2 Rf6 17. f4 Rdf7 18. Bxe4 fxe4 19. Rf2 Qh3 20. Qf1 Qg4 21. Qg2 Rh6 22. Qf1 Rf5 23. Qe2 Qxe2 24. Rxe2 Rf8 25. cxd5 exd5 26. Rf1 Rhf6 27. g4 g6 28. Bc3 Kg7 29. Be1 g5 30. f5 h5 31. h3 hxg4 32. hxg4 Rh8 33. Rff2 Rfh6 34. Rg2 Rh1+ 35. Kf2 R8h3 36. Rc2 Rf3+ 37. Ke2 Rhh3 38. Bf2 Bg3 39. Bg1 Rh4 40. Rc1 Rh1 41. Rf1 Rxf1 42. Kxf1 Bd6 43. Ke2 Bc7 44. Kd2 Bd6 45. Kc2 Rh3 46. Kc3 Rg3 47. Rxg3 Bxg3 48. Kd2 Kf6 49. Ke2 b6 50. Bf2 Bxf2 51. Kxf2 1/2-1/2